000 00942nam a22002532a 4500
001 32388
003 BD-RjUL
005 20211209051828.0
008 140426r1965 p 001 0 eng d
035 _aOCLC ocm01878376 from D951128M
_a(BD-RjUL) 32477
040 _aIXA
_cIXA
_dBD-RjUL
_beng
041 _aeng
082 _a297
_bIQR 1965
_223
100 1 _aIqbal, Mohammad
_d1877-1938.
_998534
245 1 4 _aThe reconstruction of religious thought in Islam /
_cby Mohammad Iqbal
246 _aThe reconstruction of religious thought in Islam /by Muhammad Iqbal
260 _aLahore :
_bJavid Iqbal,
_c1944 [Reprinted 1954,1965]
300 _avi, 205 p. ;
_c22 cm
500 _a"In 1954 : the author name title & Spelling :Sir Mohmmad Iqbal and in 1965: the author name title & Spelling :Allama Muhmmad Iqbal"
504 _aIncludes index.
650 0 _aIslam
_998535
650 0 _aPhilosophy and religion
_92766
942 _2ddc
_cBK
999 _c32388
_d32388